Technology transfer and foreign trade : The case of Japan, 1950-1966

This book provides a detailed treatment of the new Technology Transfer Regulation of Japan. The regulation has attracted strong opposition from industry and has wide ramifications, making the need for a book on the subject all the more compelling.

Wedi'i Gadw mewn:
Manylion Llyfryddiaeth
Prif Awdur: Tsurumi, Yoshi
Fformat: Llyfr
Iaith:Undetermined
Cyhoeddwyd: New York Arno Press 1980
Pynciau:
Tagiau: Ychwanegu Tag
Dim Tagiau, Byddwch y cyntaf i dagio'r cofnod hwn!
Thư viện lưu trữ: Trung tâm Học liệu Trường Đại học Cần Thơ
LEADER 01008nam a2200229Ia 4500
001 CTU_218458
008 210402s9999 xx 000 0 und d
082 |a 382.0952 
082 |b T877 
100 |a Tsurumi, Yoshi 
245 0 |a Technology transfer and foreign trade : 
245 4 |b The case of Japan, 1950-1966 
245 0 |c Yoshihiro Tsurumi 
260 |a New York 
260 |b Arno Press 
260 |c 1980 
520 |a This book provides a detailed treatment of the new Technology Transfer Regulation of Japan. The regulation has attracted strong opposition from industry and has wide ramifications, making the need for a book on the subject all the more compelling. 
650 |a Technology transfer,Manufacturing industries,Chuyển giao công nghệ,Ngành công nghiệp sản xuất 
650 |x History,History,Lịch sử,Lịch sử 
650 |z Japan,Japan,Nhật Bản,Nhật Bản 
904 |i Qhieu 
980 |a Trung tâm Học liệu Trường Đại học Cần Thơ